Liberalization of Capital Markets Savings Mobilization in Indonesia

Na minha lista:
Detalhes bibliográficos
Autor principal: Nunnenkamp, Peter
Formato: Livro
Idioma:inglês
Publicado em: Kiel Institut für Weltwirtschaft 1985
Colecção:Kiel Working Paper No.246
Tags: Adicionar Tag
Sem tags, seja o primeiro a adicionar uma tag!

MARC

LEADER 00000nam a2200000 4500
001 c033218
005 20250521092714.2
041 0 |a eng 
044 |a DE 
245 1 0 |a Liberalization of Capital Markets Savings Mobilization in Indonesia  |c Peter Nunnenkamp 
264 1 |a Kiel  |b Institut für Weltwirtschaft  |c 1985 
300 |a 24 s. 
490 1 |a Kiel Working Paper  |v No.246 
830 0 |a Kiel Working Paper  |v No.246 
100 1 |a Nunnenkamp, Peter